[Event "Weekend Vitinia"]
[Site "Roma ITA"]
[Date "1996.11.??"]
[Round "?"]
[White "Rotondi, Paolo"]
[Black "Matano, Arturo"]
[Result "0-1"]
[WhiteElo "1660"]
[BlackElo "1672"]
[PlyCount "72"]
[EventDate "1996.11.17"]

1. c4 g6 2. Nc3 Bg7 3. d4 d6 4. e4 Nf6 5. Nge2 O-O 6. Ng3 Nbd7 7. Be2 c5 8. d5
a6 9. Be3 Rb8 10. Qd2 Qa5 11. Bh6 Bxh6 12. Qxh6 b5 13. h4 bxc4 14. h5 Rxb2 15.
Rc1 Rxa2 16. hxg6 fxg6 17. f4 Ra1 18. Rxa1 Qxa1+ 19. Nd1 c3 20. Nf5 gxf5 21.
Rh3 Kh8 22. e5 c2 23. exf6 cxd1=Q+ 24. Bxd1 Rf7 25. Re3 Qxf6 26. Qxf6+ Nxf6 27.
Bc2 Kg8 28. Rb3 Bd7 29. Rb8+ Rf8 30. Rb6 Bb5 31. Bxf5 Bd7 32. Bxd7 Nxd7 33.
Rxa6 Nf6 34. Ra7 Nxd5 35. g3 Kf7 36. Kd2 Rg8 0-1

[Event "Weekend Vitinia"]
[Site "Roma ITA"]
[Date "1996.11.??"]
[Round "?"]
[White "Rotondi, Paolo"]
[Black "Verrascina, Nicola"]
[Result "0-1"]
[WhiteElo "1660"]
[BlackElo "2080"]
[PlyCount "56"]
[EventDate "1996.11.17"]

1. c4 e5 2. Nc3 f5 3. d3 Nf6 4. Nf3 Nc6 5. g3 Bc5 6. Bg2 O-O 7. O-O d6 8. Bg5
Be6 9. a3 a5 10. Rb1 Qe8 11. Nb5 Rc8 12. Bd2 Qh5 13. Ng5 Bd7 14. Bf3 Qg6 15. e4
f4 16. gxf4 exf4 17. Bxf4 h6 18. d4 hxg5 19. dxc5 gxf4+ 20. Kh1 dxc5 21. Rg1
Qf7 22. Qe2 Ne5 23. Rg5 Nxf3 24. Qxf3 Qxc4 25. Nc3 Bc6 26. Qxf4 Nxe4 27. Rxg7+
Kxg7 28. Rg1+ Ng3# 0-1

[Event "Weekend Vitinia"]
[Site "Roma ITA"]
[Date "1996.11.??"]
[Round "?"]
[White "Saccone, Fabio"]
[Black "Simeone, Giulio"]
[Result "1-0"]
[WhiteElo "2200"]
[BlackElo "1714"]
[PlyCount "39"]
[EventDate "1996.11.17"]

1. e4 c6 2. d4 d5 3. e5 h5 4. Be2 g6 5. Nf3 Bg4 6. Nbd2 Nh6 7. h3 Bd7 8. c4 Qb6
9. O-O Nf5 10. Nb3 Bg7 11. Bd2 dxc4 12. Bxc4 Qc7 13. Ng5 e6 14. Ne4 O-O 15. Bg5
Na6 16. Qd2 Bc8 17. g4 hxg4 18. hxg4 Ne7 19. Nf6+ Kh8 20. Kg2 1-0

[Event "Weekend Vitinia"]
[Site "Roma ITA"]
[Date "1996.11.??"]
[Round "?"]
[White "Saccone, Fabio"]
[Black "Simeoni, Matteo"]
[Result "1-0"]
[WhiteElo "2200"]
[BlackElo "1797"]
[PlyCount "91"]
[EventDate "1996.11.17"]

1. Nf3 f5 2. d4 Nf6 3. g3 e6 4. Bg2 Be7 5. O-O O-O 6. c4 d6 7. Nc3 Qe8 8. b3 a5
9. Ba3 Na6 10. Qd2 Rb8 11. Rfe1 Qh5 12. Nb5 b6 13. d5 Ne4 14. Qc2 Bf6 15. Nfd4
e5 16. Ne6 Bxe6 17. dxe6 Ng5 18. Qxf5 Be7 19. Qd3 Nxe6 20. Bd5 Rf6 21. Bxe6+
Rxe6 22. Qd5 Qf7 23. Rad1 Rf6 24. Qxf7+ Kxf7 25. Nc3 Rf8 26. Nd5 Rf5 27. e4 Rf3
28. Re3 Rxe3 29. Nxe3 Ke6 30. Nd5 g5 31. h3 Bd8 32. Kg2 Nb8 33. Rd3 Nc6 34.
Nxb6 Nd4 35. Nc8 Nc2 36. Bxd6 Be7 37. Bxe7 Ne1+ 38. Kf1 Nxd3 39. Bxf8 Nc1 40.
Na7 Nxa2 41. Nc6 Nc3 42. Nxa5 Nxe4 43. Ke2 Kf5 44. Ke3 Nf6 45. g4+ Ke6 46. Bh6
1-0

[Event "Weekend Vitinia"]
[Site "Roma ITA"]
[Date "1996.11.??"]
[Round "?"]
[White "Scacco, Mauro"]
[Black "Buffoni, Luca"]
[Result "1-0"]
[WhiteElo "2045"]
[BlackElo "1699"]
[PlyCount "46"]
[EventDate "1996.11.17"]

1. e4 e5 2. Nf3 Nf6 3. Nc3 Bb4 4. Bc4 O-O 5. d3 d5 6. exd5 Nxd5 7. Bd2 Bxc3 8.
bxc3 Nc6 9. O-O Bg4 10. h3 Bh5 11. Re1 Re8 12. Rb1 Nb6 13. Bb5 Qd5 14. g4 Bg6
15. c4 Qe6 16. Nxe5 Nxe5 17. Bxe8 Qxe8 18. f4 Qd7 19. Rxe5 h5 20. Qe2 Rd8 21.
Re7 Qa4 22. Bc3 Qxa2 23. Ra1 Bxd3 1-0

[Event "Weekend Vitinia"]
[Site "Roma ITA"]
[Date "1996.11.??"]
[Round "?"]
[White "Scacco, Mauro"]
[Black "Corvi, Marco"]
[Result "0-1"]
[WhiteElo "2045"]
[BlackElo "2185"]
[PlyCount "89"]
[EventDate "1996.11.17"]

1. Nf3 f5 2. d4 Nf6 3. c4 e6 4. e3 b6 5. Bd3 Bb7 6. O-O Be7 7. Nbd2 O-O 8. Qc2
Na6 9. a3 c5 10. d5 g6 11. e4 exd5 12. cxd5 fxe4 13. Nxe4 Nxd5 14. Bh6 Nf4 15.
Bxf8 Qxf8 16. Rfe1 d5 17. Neg5 c4 18. Bf1 Nc5 19. g3 Nfd3 20. Bg2 Nxe1 21. Rxe1
Nd3 22. Re2 Bf6 23. Ne6 Qd6 24. Nfd4 a6 25. h4 Re8 26. b3 b5 27. bxc4 bxc4 28.
Qa4 Re7 29. Qa5 Bxd4 30. Nxd4 Rxe2 31. Nxe2 Nc5 32. Nd4 Ne4 33. Qa4 Nf6 34. Qa5
Bc8 35. h5 Bf5 36. Qd2 Qe5 37. f4 Ne4 38. fxe5 Nxd2 39. Bxd5+ Kf8 40. Nxf5 gxf5
41. Kf2 c3 42. Ke2 Nf1 43. Kd3 c2 44. Kxc2 Ne3+ 45. Kd3 0-1

[Event "Weekend Vitinia"]
[Site "Roma ITA"]
[Date "1996.11.??"]
[Round "?"]
[White "Scacco, Mauro"]
[Black "Vannelli, Vittorio"]
[Result "1-0"]
[WhiteElo "2045"]
[BlackElo "1567"]
[PlyCount "87"]
[EventDate "1996.11.17"]

1. e4 c5 2. Nf3 Nc6 3. Bb5 Nf6 4. Qe2 g6 5. c3 Bg7 6. O-O O-O 7. d4 cxd4 8.
cxd4 e5 9. dxe5 Ng4 10. Nc3 Ncxe5 11. Nxe5 Nxe5 12. f4 a6 13. Ba4 Nc6 14. Be3
Qa5 15. e5 d6 16. Bxc6 bxc6 17. Rfc1 dxe5 18. b4 Qxb4 19. Rab1 Qe7 20. Qf2 exf4
21. Qxf4 Bf5 22. Rb6 Rfe8 23. Bf2 Be5 24. Qc4 Qg5 25. Ne2 Bxh2+ 26. Kxh2 Rxe2
27. Qxe2 Qh6+ 28. Kg3 Qxc1 29. Qe5 Qg5+ 30. Kh2 Qh5+ 31. Kg1 Qd1+ 32. Kh2 Qd5
33. Qf6 Qe6 34. Qb2 Re8 35. Bd4 Qd6+ 36. Kg1 Rd8 37. Be5 Qd1+ 38. Kh2 Qh5+ 39.
Kg1 Rd1+ 40. Kf2 Qh4+ 41. Bg3 Qd4+ 42. Qxd4 Rxd4 43. Rb8+ Kg7 44. Be5+ 1-0

[Event "Weekend Vitinia"]
[Site "Roma ITA"]
[Date "1996.11.??"]
[Round "?"]
[White "Scacco, Mauro"]
[Black "Wyss, Walter"]
[Result "0-1"]
[WhiteElo "2045"]
[BlackElo "2200"]
[PlyCount "80"]
[EventDate "1996.11.17"]

1. e4 e6 2. d4 d5 3. Nc3 dxe4 4. Nxe4 Bd7 5. Nf3 Bc6 6. Bd3 Bxe4 7. Bxe4 c6 8.
O-O Nf6 9. Bd3 Bd6 10. Bg5 Nbd7 11. Re1 O-O 12. Ne5 Qc7 13. Qe2 Rfe8 14. Rad1
Bf8 15. c3 g6 16. g4 Bg7 17. h4 Nd5 18. h5 f6 19. Nxd7 fxg5 20. Ne5 gxh5 21.
gxh5 Nf4 22. Qg4 Re7 23. Bc4 b5 24. Bb3 Rf8 25. Re3 Kh8 26. Rde1 c5 27. Rg3
cxd4 28. cxd4 Qa5 29. Rd1 Bxe5 30. dxe5 Qb6 31. Rd2 Qc5 32. Re3 a5 33. Qd1 g4
34. Qc2 Qa7 35. Qe4 Nxh5 36. Bc2 g3 37. Rf3 gxf2+ 38. Rdxf2 Rg7+ 39. Kh2 Qxf2+
40. Rxf2 Rxf2+ 0-1

[Event "Weekend Vitinia"]
[Site "Roma ITA"]
[Date "1996.11.??"]
[Round "?"]
[White "Scalfaro, Sergio"]
[Black "Corvi, Marco"]
[Result "0-1"]
[WhiteElo "1810"]
[BlackElo "2185"]
[PlyCount "96"]
[EventDate "1996.11.17"]

1. e4 Nf6 2. e5 Nd5 3. d4 d6 4. Nf3 Bg4 5. Be2 e6 6. O-O Be7 7. c4 Nb6 8. Nc3
O-O 9. Be3 a5 10. exd6 cxd6 11. d5 e5 12. Qb3 N8d7 13. h3 Bh5 14. Rfe1 a4 15.
Qb4 Bg6 16. Nb5 f5 17. Rad1 f4 18. Bxb6 Qxb6 19. Nd2 Nc5 20. Qc3 Bf6 21. Qf3
Bh4 22. Rf1 Rae8 23. b4 axb3 24. Nxb3 Ne4 25. c5 Nxc5 26. Nxc5 Qxc5 27. Rc1 e4
28. Qc3 Qxc3 29. Rxc3 Bf6 30. Rc7 Be5 31. Rxb7 f3 32. Bd1 fxg2 33. Kxg2 e3 34.
fxe3 Be4+ 35. Bf3 Rxf3 36. Rxf3 Rf8 37. Nc7 Rxf3 38. Kg1 Rxe3 39. Kf2 Rxh3 40.
Ne6 h6 41. Rb8+ Kf7 42. Rb7+ Kg6 43. Nf8+ Kf5 44. Rf7+ Bf6 45. Rd7 Bd4+ 46. Ke2
Rh2+ 47. Ke1 Bd3 48. Ne6 Bc3+ 0-1

[Event "Weekend Vitinia"]
[Site "Roma ITA"]
[Date "1996.11.??"]
[Round "?"]
[White "Scalfaro, Sergio"]
[Black "De Blasio, Alessandro"]
[Result "1/2-1/2"]
[WhiteElo "1810"]
[BlackElo "1609"]
[PlyCount "45"]
[EventDate "1996.11.17"]

1. e4 c5 2. Nf3 d6 3. d4 cxd4 4. Nxd4 Nf6 5. Nc3 g6 6. f4 Nc6 7. Bb5 Bd7 8. O-O
Bg7 9. Bxc6 Bxc6 10. Nxc6 bxc6 11. Qe2 O-O 12. Be3 Qa5 13. Rae1 Rab8 14. Bc1
Nd7 15. Rf3 Rb7 16. a3 Rfb8 17. b4 Qc7 18. Nd1 a5 19. c3 axb4 20. cxb4 c5 21.
bxc5 Qxc5+ 22. Nf2 Bb2 23. Bxb2 1/2-1/2

[Event "Weekend Vitinia"]
[Site "Roma ITA"]
[Date "1996.11.??"]
[Round "?"]
[White "Scalfaro, Sergio"]
[Black "Marta, Daniele"]
[Result "1/2-1/2"]
[WhiteElo "1810"]
[BlackElo "1807"]
[PlyCount "38"]
[EventDate "1996.11.17"]

1. e4 e6 2. d4 d5 3. Nd2 Nf6 4. e5 Nfd7 5. Bd3 c5 6. c3 Nc6 7. Ne2 cxd4 8. cxd4
f6 9. exf6 Nxf6 10. O-O Bd6 11. Nf3 Qc7 12. Nc3 a6 13. Bg5 O-O 14. h3 Bd7 15.
Re1 h6 16. Be3 Be8 17. Rc1 Bh5 18. Be2 Rae8 19. a3 g5 1/2-1/2

[Event "Weekend Vitinia"]
[Site "Roma ITA"]
[Date "1996.11.??"]
[Round "?"]
[White "Scalfaro, Sergio"]
[Black "Morisi, Eugenio"]
[Result "1-0"]
[WhiteElo "1810"]
[BlackElo "1729"]
[PlyCount "45"]
[EventDate "1996.11.17"]

1. e4 e5 2. Bc4 Nf6 3. d3 c6 4. Nf3 d5 5. Bb3 Qd6 6. O-O Be7 7. Re1 Bg4 8. Nbd2
Nbd7 9. h3 Bh5 10. Qe2 dxe4 11. Nxe4 Nxe4 12. Qxe4 Bxf3 13. Qxf3 O-O 14. Bd2
Rae8 15. Bc3 Bf6 16. a3 b5 17. Rad1 c5 18. Qd5 Qc7 19. d4 Nb6 20. Qxc5 Qb8 21.
dxe5 Be7 22. Qxb5 Rc8 23. Qe2 1-0

[Event "Weekend Vitinia"]
[Site "Roma ITA"]
[Date "1996.11.??"]
[Round "?"]
[White "Scipioni, Gaetano"]
[Black "Fantazzini, Massimiliano"]
[Result "1/2-1/2"]
[WhiteElo "1635"]
[BlackElo "1753"]
[PlyCount "98"]
[EventDate "1996.11.17"]

1. e4 c6 2. d4 d5 3. exd5 cxd5 4. Bd3 Nc6 5. c3 Nf6 6. h3 e6 7. Bf4 Bd7 8. Nf3
Rc8 9. Nbd2 Nh5 10. Bh2 g5 11. Ne5 Nf4 12. Bxf4 gxf4 13. Qh5 Qf6 14. Ndf3 Nxe5
15. Nxe5 Rg8 16. Rg1 h6 17. O-O-O Rg5 18. Qf3 Be7 19. Ng4 Qg7 20. Qxf4 Rg6 21.
Kb1 f5 22. Ne3 Bg5 23. Qf3 Bxe3 24. Qxe3 Rxg2 25. Rxg2 Qxg2 26. Bxf5 Rc6 27.
Bg4 Rb6 28. Re1 Ke7 29. b3 a5 30. Qg3 Qxg3 31. fxg3 Bb5 32. Kc2 a4 33. Re5
axb3+ 34. axb3 Ra6 35. c4 Bc6 36. Rxe6+ Kf7 37. Rxh6 dxc4 38. Rh5 Ra2+ 39. Kc3
cxb3 40. Kxb3 Rg2 41. d5 Rxg3+ 42. Kc4 b5+ 43. Kb4 Be8 44. d6 Rd3 45. Rh7+ Kf6
46. d7 Bxd7 47. Rxd7 Rxd7 48. Bxd7 Kg7 49. Kxb5 Kh6 1/2-1/2

[Event "Weekend Vitinia"]
[Site "Roma ITA"]
[Date "1996.11.??"]
[Round "?"]
[White "Scipioni, Gaetano"]
[Black "Vanzan, Alessandro"]
[Result "0-1"]
[WhiteElo "1635"]
[BlackElo "1507"]
[PlyCount "108"]
[EventDate "1996.11.17"]

1. e4 d6 2. d4 Nf6 3. Nc3 g6 4. Bg5 Bg7 5. Qd2 O-O 6. Bh6 Nbd7 7. Be2 c5 8. d5
Ne5 9. Bxg7 Kxg7 10. h4 h5 11. Nh3 Bxh3 12. Rxh3 a6 13. f3 b5 14. Nd1 Qc8 15.
Nf2 c4 16. Qd4 Rg8 17. g4 hxg4 18. Nxg4 Kf8 19. Rg3 Rh8 20. Nxe5 dxe5 21. Qxe5
Rxh4 22. O-O-O Qc5 23. Qd4 Qxd4 24. Rxd4 Rd8 25. Rd1 Kg7 26. Rgg1 Rh2 27. Rde1
Nh5 28. Rh1 Rf2 29. Rhf1 Rg2 30. Rg1 Nf4 31. Rxg2 Nxg2 32. Rg1 Nf4 33. Bf1 Rh8
34. Rg4 Rh1 35. Rxf4 Rxf1+ 36. Kd2 Ra1 37. a3 Ra2 38. Kc3 Ra1 39. e5 Re1 40.
Re4 Rxe4 41. fxe4 Kf8 42. Kd4 Ke8 43. Ke3 Kd7 44. Kf4 f6 45. exf6 exf6 46. e5
fxe5+ 47. Kxe5 Ke7 48. d6+ Kd7 49. Kf6 Kxd6 50. Kxg6 Ke5 51. Kf7 Ke4 52. Ke6
Ke3 53. Kd5 Kd2 54. b3 c3 0-1

[Event "Weekend Vitinia"]
[Site "Roma ITA"]
[Date "1996.11.??"]
[Round "?"]
[White "Scipioni, Gaetano"]
[Black "Vigile, Matteo"]
[Result "1-0"]
[WhiteElo "1635"]
[BlackElo "1567"]
[PlyCount "45"]
[EventDate "1996.11.17"]

1. e4 e5 2. Nf3 Nc6 3. d4 exd4 4. Bc4 Bc5 5. c3 Na5 6. Bd3 dxc3 7. Nxc3 d6 8.
h3 Be6 9. O-O Qd7 10. Na4 O-O-O 11. Ng5 Bd4 12. Nxe6 fxe6 13. Qc2 Qc6 14. Nc3
Rf8 15. Bd2 Nc4 16. Rac1 Nxd2 17. Qxd2 Qd7 18. Bb5 c6 19. Qxd4 cxb5 20. Nxb5+
Kd8 21. Rc7 Qxc7 22. Nxc7 Kxc7 23. Qxg7+ 1-0

[Event "Weekend Vitinia"]
[Site "Roma ITA"]
[Date "1996.11.??"]
[Round "?"]
[White "Simeone, Giulio"]
[Black "Moroni, Marco"]
[Result "0-1"]
[WhiteElo "1714"]
[BlackElo "1785"]
[PlyCount "68"]
[EventDate "1996.11.17"]

1. c4 Nf6 2. Nc3 c5 3. e3 e5 4. Nf3 Nc6 5. d4 cxd4 6. exd4 exd4 7. Nxd4 Bc5 8.
Nxc6 bxc6 9. Be2 O-O 10. O-O d5 11. cxd5 cxd5 12. Bg5 d4 13. Ne4 Be7 14. Qc2
Bb7 15. Nxf6+ Bxf6 16. Bxf6 Qxf6 17. Rfd1 Rfe8 18. Rd2 Rac8 19. Qd1 Qg5 20. f3
Qe3+ 21. Kh1 Re5 22. Bd3 Qh6 23. Rc1 Rce8 24. Rdc2 Rh5 25. Qg1 Rhe5 26. Rc7 Bd5
27. b3 Qd2 28. Bb1 f6 29. Rc8 Bb7 30. Rxe8+ Rxe8 31. Rd1 Qc3 32. h3 Bxf3 33.
Rc1 Bxg2+ 34. Qxg2 Qxc1+ 0-1

[Event "Weekend Vitinia"]
[Site "Roma ITA"]
[Date "1996.11.??"]
[Round "?"]
[White "Simeone, Giulio"]
[Black "Scacco, Mauro"]
[Result "1-0"]
[WhiteElo "1714"]
[BlackElo "2045"]
[PlyCount "78"]
[EventDate "1996.11.17"]

1. c4 g6 2. Nc3 Bg7 3. d4 Nf6 4. e4 O-O 5. f3 d6 6. Be3 e5 7. d5 Nh5 8. g4 Nf4
9. Qd2 f5 10. gxf5 gxf5 11. O-O-O Nd7 12. Nh3 fxe4 13. Nxe4 Nf6 14. Nxf4 Nxe4
15. fxe4 exf4 16. Bd4 Bxd4 17. Qxd4 Qf6 18. Rg1+ Kh8 19. Qf2 Bd7 20. Bd3 a5 21.
Qf3 Rae8 22. Rdf1 Re5 23. Bc2 Rg5 24. Rxg5 Qxg5 25. Qc3+ Rf6 26. Qd4 f3+ 27.
Qd2 Qe5 28. Qxa5 Bh3 29. Rf2 Qg5+ 30. Qd2 Qg1+ 31. Bd1 Kg7 32. Kc2 Qg4 33. Qd4
Bg2 34. a4 b6 35. b4 Kf7 36. Kb3 Qf4 37. a5 bxa5 38. bxa5 Qc1 39. Bc2 39... Qe1
{...} 1-0

[Event "Weekend Vitinia"]
[Site "Roma ITA"]
[Date "1996.11.??"]
[Round "?"]
[White "Simeone, Giulio"]
[Black "Vanzan, Alessandro"]
[Result "1-0"]
[WhiteElo "1714"]
[BlackElo "1507"]
[PlyCount "101"]
[EventDate "1996.11.17"]

1. c4 Nf6 2. Nc3 g6 3. e4 d6 4. d4 Bg7 5. f3 O-O 6. Be3 e5 7. d5 a6 8. Qd2 Bd7
9. Bd3 c6 10. Nge2 Be8 11. O-O Nbd7 12. b4 Qc7 13. dxc6 bxc6 14. Rfd1 c5 15. b5
Nb6 16. a4 Bd7 17. a5 Nc8 18. b6 Qb7 19. Bh6 Be6 20. Bxg7 Kxg7 21. f4 exf4 22.
Nxf4 Re8 23. Qb2 Kg8 24. Ncd5 Bxd5 25. Nxd5 Nxd5 26. exd5 Ne7 27. Bc2 Rab8 28.
Ba4 Rf8 29. Qf6 Nf5 30. Re1 Qc8 31. Re4 Qd8 32. Qxd8 Rfxd8 33. Rae1 Kf8 34. Kf2
Nh6 35. Re7 Ng8 36. Ra7 Ra8 37. Bc6 Rab8 38. Rxa6 Ne7 39. b7 g5 40. Rb6 Ng6 41.
a6 Ne5 42. Rb3 Nxc4 43. a7 Rxb7 44. Rxb7 Ne5 45. Rb8 Nd3+ 46. Kf1 Nxe1 47.
Rxd8+ Kg7 48. a8=Q Nd3 49. Rg8+ Kh6 50. Qd8 c4 51. Qxg5# 1-0

[Event "Weekend Vitinia"]
[Site "Roma ITA"]
[Date "1996.11.??"]
[Round "?"]
[White "Simeoni, Matteo"]
[Black "Buffoni, Luca"]
[Result "1-0"]
[WhiteElo "1797"]
[BlackElo "1699"]
[PlyCount "59"]
[EventDate "1996.11.17"]

1. e4 e5 2. Nf3 Nf6 3. d4 Nxe4 4. Bd3 d5 5. Nxe5 Bd6 6. O-O O-O 7. c4 c6 8. Qc2
f5 9. Be3 Na6 10. cxd5 Nb4 11. Qb3 Nxd5 12. Bxe4 fxe4 13. Nc3 Bxe5 14. dxe5 Kh8
15. Nxe4 Nxe3 16. Qxe3 Qe7 17. Nd6 Bf5 18. Rad1 Be6 19. a3 Bd5 20. Rd4 Rad8 21.
Rfd1 a6 22. Rf4 b5 23. Rdd4 Kg8 24. Rg4 Qe6 25. Rg3 Rxd6 26. exd6 Qxd6 27. Rdg4
g6 28. h4 Be6 29. Rd4 Bd5 30. h5 1-0

[Event "Weekend Vitinia"]
[Site "Roma ITA"]
[Date "1996.11.??"]
[Round "?"]
[White "Simeoni, Matteo"]
[Black "Convertito, Vincenzo"]
[Result "1-0"]
[WhiteElo "1797"]
[BlackElo "1711"]
[PlyCount "75"]
[EventDate "1996.11.17"]

1. e4 c5 2. Nf3 d6 3. Bb5+ Bd7 4. Bxd7+ Qxd7 5. c4 Nc6 6. d3 g6 7. Be3 Bg7 8.
Qd2 Nd4 9. Nxd4 cxd4 10. Bf4 e5 11. Bg3 Nf6 12. O-O O-O 13. Na3 Rfc8 14. b4 a5
15. b5 b6 16. Nc2 Qb7 17. Bh4 Nxe4 18. dxe4 Qxe4 19. Be7 Rxc4 20. Rac1 Qd5 21.
Ne3 Qe6 22. Nxc4 Qxe7 23. Nxb6 Rb8 24. Rc8+ Rxc8 25. Nxc8 Qd7 26. Rc1 h5 27.
Qxa5 d3 28. Qd2 e4 29. a4 Kh7 30. Rc6 Qg4 31. h3 Qh4 32. Nxd6 Bh6 33. Qxh6+
Kxh6 34. Nf5+ Kg5 35. Nxh4 Kf4 36. Rd6 g5 37. b6 gxh4 38. b7 1-0

[Event "Weekend Vitinia"]
[Site "Roma ITA"]
[Date "1996.11.??"]
[Round "?"]
[White "Simeoni, Matteo"]
[Black "Morisi, Eugenio"]
[Result "1-0"]
[WhiteElo "1797"]
[BlackElo "1729"]
[PlyCount "107"]
[EventDate "1996.11.17"]

1. e4 e5 2. Nf3 Nc6 3. d4 exd4 4. Nxd4 Nf6 5. Nc3 Bb4 6. Nxc6 bxc6 7. Bd3 O-O
8. O-O Re8 9. Bg5 Bxc3 10. bxc3 d5 11. exd5 cxd5 12. Bxf6 Qxf6 13. Qh5 g6 14.
Qxd5 Be6 15. Qc5 Qf4 16. Rfe1 c6 17. c4 Qc7 18. Rab1 Bd7 19. Be4 Rab8 20. Rbd1
Re5 21. Qd4 c5 22. Qc3 Rbe8 23. Bd5 Rxe1+ 24. Rxe1 Rxe1+ 25. Qxe1 Qd6 26. g3
Bf5 27. c3 Kf8 28. f4 Qe7 29. Qf2 Kg7 30. Qd2 Bg4 31. Kf2 h6 32. Qe3 Qxe3+ 33.
Kxe3 Kf6 34. Kd2 Bd7 35. Kc2 Kg7 36. Kb3 f5 37. h4 Kf6 38. Bb7 g5 39. hxg5+
hxg5 40. Ba6 gxf4 41. gxf4 Ke6 42. Bb5 Bc8 43. Ka4 Kd6 44. Ka5 Kc7 45. Ba6 Bd7
46. Bb5 Bc8 47. a4 Kd6 48. Be8 Bb7 49. Kb5 Bc8 50. a5 Bb7 51. Bg6 Bc8 52. Bf7
Bb7 53. Bg8 Bc8 54. Bd5 1-0

[Event "Weekend Vitinia"]
[Site "Roma ITA"]
[Date "1996.11.??"]
[Round "?"]
[White "Simeoni, Matteo"]
[Black "Vigile, Matteo"]
[Result "1-0"]
[WhiteElo "1797"]
[BlackElo "1567"]
[PlyCount "87"]
[EventDate "1996.11.17"]

1. e4 e5 2. Nf3 Nc6 3. d4 exd4 4. Nxd4 Bc5 5. Nf5 Qf6 6. Nc3 Nge7 7. Ne3 O-O 8.
g3 Re8 9. Bg2 d6 10. O-O Bd7 11. Kh1 Ne5 12. f4 N5g6 13. e5 Nxe5 14. Ne4 Qe6
15. Nxc5 dxc5 16. fxe5 Bc6 17. Bxc6 Nxc6 18. Qf3 Nxe5 19. Qxb7 c6 20. Qb3 c4
21. Qc3 Ng4 22. Nxg4 Qxg4 23. Bf4 Re2 24. Rae1 Rae8 25. Rxe2 Qxe2 26. Kg1 h5
27. Qd2 f6 28. Qxe2 Rxe2 29. Rf2 Re1+ 30. Kg2 Ra1 31. Be3 a6 32. Bd4 Rxa2 33.
Kh3 Ra5 34. Kh4 Rd5 35. Bc3 Kf7 36. Rf1 Kg6 37. Ra1 Rf5 38. Rxa6 Rf2 39. Kh3
Kf7 40. Rxc6 g5 41. Rxf6+ Rxf6 42. Bxf6 Kxf6 43. b4 cxb3 44. cxb3 1-0

[Event "Weekend Vitinia"]
[Site "Roma ITA"]
[Date "1996.11.??"]
[Round "?"]
[White "Tosoni, Augusto"]
[Black "Drago, Valentino"]
[Result "1-0"]
[WhiteElo "2056"]
[BlackElo "1603"]
[PlyCount "61"]
[EventDate "1996.11.17"]

1. e4 c5 2. Nf3 d6 3. d4 cxd4 4. Nxd4 Nf6 5. Nc3 a6 6. Bg5 e6 7. f4 Be7 8. Qf3
Nc6 9. O-O-O Qc7 10. g4 Nxd4 11. Rxd4 e5 12. Rc4 Qd7 13. f5 b5 14. Rb4 O-O 15.
Bxf6 Bxf6 16. Rg1 Bg5+ 17. Kb1 Bb7 18. h4 Bxh4 19. g5 f6 20. g6 h6 21. a4 Bc6
22. Nd5 Bxd5 23. exd5 bxa4 24. Rxh4 Rfb8 25. Rgg4 a3 26. Qxa3 Qxf5 27. Bd3 Qd7
28. Qa4 Qb7 29. Rb4 Qxd5 30. Rxb8+ Rxb8 31. Bc4 1-0

[Event "Weekend Vitinia"]
[Site "Roma ITA"]
[Date "1996.11.??"]
[Round "?"]
[White "Tosoni, Augusto"]
[Black "Ianniello, Riccardo"]
[Result "1-0"]
[WhiteElo "2056"]
[BlackElo "2335"]
[PlyCount "94"]
[EventDate "1996.11.17"]

1. e4 a6 2. d4 b5 3. Bd3 e6 4. Nf3 c5 5. c3 Nf6 6. O-O Be7 7. a4 c4 8. Bc2 Bb7
9. e5 Nd5 10. Na3 O-O 11. Bd2 Bc6 12. b3 cxb3 13. Bxb3 bxa4 14. Bxa4 Qc7 15.
Bb3 Nb6 16. c4 Be4 17. Re1 Bg6 18. c5 Nc8 19. Nc4 Nc6 20. Bc2 Bh5 21. Bc3 f5
22. exf6 Bxf6 23. Be4 d5 24. cxd6 Nxd6 25. Nxd6 Qxd6 26. Qd3 Bxf3 27. Bxf3 Ne5
28. Rxe5 Bxe5 29. Bxa8 Rxa8 30. g3 Bf6 31. Bb2 g5 32. Rc1 Qb6 33. Qe4 Re8 34.
Ba1 Qb3 35. Qc6 Rb8 36. Qc7 Qb6 37. Qc4 Rd8 38. Bc3 Bxd4 39. Bxd4 Rxd4 40. Qc8+
Rd8 41. Qc4 Rf8 42. Rc2 h6 43. Re2 Rf6 44. Qc8+ Kh7 45. Qc2+ Kg7 46. Qc8 h5 47.
Qd7+ 47... Kh6 {...} 1-0

[Event "Weekend Vitinia"]
[Site "Roma ITA"]
[Date "1996.11.??"]
[Round "?"]
[White "Tosoni, Augusto"]
[Black "Papetti, Francesco"]
[Result "1-0"]
[WhiteElo "2056"]
[BlackElo "1816"]
[PlyCount "113"]
[EventDate "1996.11.17"]

1. e4 d6 2. d4 Nf6 3. Nc3 g6 4. f4 Bg7 5. Nf3 O-O 6. Be3 Ng4 7. Bg1 e5 8. dxe5
dxe5 9. Qxd8 Rxd8 10. h3 Nf6 11. Nxe5 c6 12. Bc4 Be6 13. Bxe6 fxe6 14. Nd3 b6
15. O-O-O Nh5 16. Ne2 Na6 17. e5 Bf8 18. g4 Ng7 19. Be3 c5 20. Nc3 Nc7 21. Rhf1
Nd5 22. Bd2 Rd7 23. Nxd5 Rxd5 24. Nf2 Be7 25. Be3 Rad8 26. c4 Rxd1+ 27. Rxd1
Rxd1+ 28. Kxd1 Ne8 29. Ne4 Kf7 30. Kc2 a6 31. Kc3 Bh4 32. Bf2 Bxf2 33. Nxf2 h5
34. b4 cxb4+ 35. Kxb4 Nc7 36. Ne4 b5 37. Nd6+ Ke7 38. cxb5 Nd5+ 39. Kc5 hxg4
40. hxg4 axb5 41. f5 gxf5 42. gxf5 b4 43. f6+ Kf8 44. Nb7 Nc3 45. Kxb4 Nxa2+
46. Kc5 Nc3 47. Kd6 Nb5+ 48. Kxe6 Nc7+ 49. Kf5 Nd5 50. e6 Ke8 51. Ke5 Nc7 52.
Nd6+ Kd8 53. e7+ Kd7 54. e8=Q+ Nxe8 55. Nxe8 Kxe8 56. Ke6 Kf8 57. f7 1-0

[Event "Weekend Vitinia"]
[Site "Roma ITA"]
[Date "1996.11.??"]
[Round "?"]
[White "Tosoni, Augusto"]
[Black "Quimi, Marco"]
[Result "1-0"]
[WhiteElo "2056"]
[BlackElo "2220"]
[PlyCount "99"]
[EventDate "1996.11.17"]

1. e4 c5 2. Nf3 Nc6 3. d4 cxd4 4. Nxd4 Nf6 5. Nc3 e6 6. g3 a6 7. Bg2 Bc5 8.
Nxc6 bxc6 9. e5 Nd5 10. Ne4 Be7 11. O-O O-O 12. c4 Nb6 13. b3 f5 14. exf6 gxf6
15. Nd6 Bxd6 16. Qxd6 Bb7 17. Rd1 Rf7 18. Be3 Nc8 19. Qxe6 dxe6 20. Rxd8+ Kg7
21. Rad1 Ne7 22. Rxa8 Bxa8 23. Rd7 Nf5 24. Rxf7+ Kxf7 25. Bc5 Bb7 26. Kf1 Ke8
27. Ke2 Kd7 28. Be4 Kc7 29. Bf8 h5 30. h4 Kd7 31. Bc5 Ke8 32. Bf3 Ng7 33. Be3
Kf7 34. Bh6 Kg6 35. Bxg7 Kxg7 36. Bxh5 a5 37. Bf3 Bc8 38. Kd3 c5 39. Kc3 e5 40.
a3 f5 41. b4 e4 42. Bd1 axb4+ 43. axb4 cxb4+ 44. Kxb4 Kf6 45. c5 f4 46. gxf4
Kf5 47. c6 Kxf4 48. Kc5 e3 49. fxe3+ Kxe3 50. h5 1-0

[Event "Weekend Vitinia"]
[Site "Roma ITA"]
[Date "1996.11.??"]
[Round "?"]
[White "Tosoni, Augusto"]
[Black "Saccone, Fabio"]
[Result "0-1"]
[WhiteElo "2056"]
[BlackElo "2200"]
[PlyCount "68"]
[EventDate "1996.11.17"]

1. e4 e6 2. d4 d5 3. Nc3 dxe4 4. Nxe4 Bd7 5. Bd3 Bc6 6. Nf3 Nd7 7. Qe2 Bxe4 8.
Bxe4 c6 9. O-O Ngf6 10. Bd3 Be7 11. c4 O-O 12. Bg5 Qb6 13. Rad1 Rfe8 14. Ne5
Rad8 15. Bb1 Nf8 16. a3 N6d7 17. Nxd7 Rxd7 18. Be3 Qd8 19. Rd3 Bf6 20. Rfd1 Ng6
21. Qh5 Nh4 22. d5 g6 23. dxe6 Rxd3 24. exf7+ Kh8 25. fxe8=R+ Qxe8 26. Qe2 Qe4
27. Qf1 Qxg2+ 28. Qxg2 Rxd1+ 29. Qf1 Nf3+ 30. Kg2 Rxf1 31. Kxf1 Bxb2 32. Bxa7
Nd2+ 33. Ke2 Nxb1 34. Kd3 Nxa3 0-1

[Event "Weekend Vitinia"]
[Site "Roma ITA"]
[Date "1996.11.??"]
[Round "?"]
[White "Trebeschi, Andrea"]
[Black "Fucito, Giovanni"]
[Result "0-1"]
[WhiteElo "1699"]
[BlackElo "1653"]
[PlyCount "130"]
[EventDate "1996.11.17"]

1. e4 d5 2. e5 c5 3. d4 cxd4 4. Qxd4 Nc6 5. Bb5 Qa5+ 6. Nc3 Qxb5 7. Nxb5 Nxd4
8. Nxd4 Bd7 9. Be3 e6 10. f4 Ne7 11. Ngf3 a6 12. a4 Nc6 13. Nxc6 bxc6 14. Ke2
Be7 15. Nd2 c5 16. c4 d4 17. Bf2 O-O 18. b3 Bc6 19. Rhg1 Rab8 20. Kd3 Rb7 21.
Kc2 Rfb8 22. Ra3 Bd8 23. a5 f6 24. exf6 gxf6 25. g3 e5 26. fxe5 fxe5 27. Re1
Rf7 28. Bg1 Bc7 29. Raa1 Re8 30. Ne4 Bxe4+ 31. Rxe4 Ref8 32. Ree1 Rf3 33. Reb1
Bd6 34. Kb2 e4 35. Re1 e3 36. Rad1 Be5 37. Ka3 Rb8 38. Rd3 Rbf8 39. Bxe3 dxe3
40. Rdxe3 Rxe3 41. Rxe3 Bd4 42. Re1 Rf2 43. b4 Bc3 44. Re6 Bxb4+ 45. Kb3 Bxa5
46. Rxa6 Bb4 47. Rh6 Kg7 48. Rh4 Rf6 49. Rg4+ Rg6 50. Rf4 Bd2 51. Re4 Kf7 52.
Kc2 Bb4 53. Rh4 h6 54. Kd3 Rd6+ 55. Ke2 Bc3 56. Rh5 Bd4 57. Kf3 Rf6+ 58. Kg4
Kg7 59. Rd5 Rg6+ 60. Kf4 Rf6+ 61. Kg4 Rf7 62. Kh5 Re7 63. Rd6 Re5+ 64. Kg4 Rg5+
65. Kf4 Be5+ 0-1